Balance político

Furkejuvvon:
Bibliográfalaš dieđut
Materiálatiipa: Texto
Fáttát:
Fáddágilkorat: Lasit fáddágilkoriid
Eai fáddágilkorat, Lasit vuosttaš fáddágilkora!

MARC

LEADER 00000 a a2200000 04500
001 6552
003
040
245 |a Balance político  
650 |a PROBLEMAS POLITICOS  
650 |a PARTIDOS POLITICOS  
650 |a POLITICA GUBERNAMENTAL  
650 |a ENCUESTAS  
650 |a POBREZA  
650 |a ADMINISTRACION DE JUSTICIA  
773 |g volumen 22, número 981; páginas 5-9  
999 |c 35803  |d 35803